| 000 | 00473nam a2200193Ia 4500 | ||
|---|---|---|---|
| 008 | 170918s9999 xx 000 0 und d | ||
| 020 | _a439217164 | ||
| 050 | _bE267 1999 | ||
| 100 | _aEdwards, Richard | ||
| 245 | _aCopy me, copucub / | ||
| 245 | _cRichard Edwards ; pictures by Susan Winter. | ||
| 260 | _aNew York : | ||
| 260 | _bScholastic, | ||
| 260 | _c1999 | ||
| 300 | _aunpaged : | ||
| 300 | _bcolored illustration ; | ||
| 300 | _c21cm. | ||
| 500 | _a260 | ||
| 999 |
_c341082 _d341082 |
||